[Event "WC-2021-T-00003"]
[Site "LSS email"]
[Date "2021.10.23"]
[Round "?"]
[White "Langer, Raimund"]
[Black "Mueller, Klaus"]
[Result "1/2-1/2"]
[WhiteElo "2474"]
[BlackElo "2464"]
[PlyCount "57"]
[EventDate "2021.10.23"]
[EventType "tourn (corr)"]
[EventRounds "10"]
[EventCountry "GER"]
[SourceTitle "Corr 2024"]
[Source "ChessBase"]
[SourceDate "2023.10.19"]
[SourceVersion "1"]
[SourceVersionDate "2023.10.19"]
[SourceQuality "1"]

1. e4 e5 2. Nf3 Nf6 3. Nxe5 d6 4. Nf3 Nxe4 5. Nc3 Nxc3 6. dxc3 Be7 7. Be3 0-0 8. Qd2 Nd7 9. 0-0-0 Nf6 10. Bd3 c5 11. Rhe1 Be6 12. Kb1 Qa5 13. c4 Qxd2 14. Nxd2 Rfe8 15. Ne4 Rad8 16. f3 h6 17. b3 b6 18. Bf2 d5 19. cxd5 Nxd5 20. Bb5 Rf8 21. Bg3 Nb4 22. Rc1 Nd5 23. Bc4 Rfe8 24. Rcd1 f5 25. Bxd5 Bxd5 26. Nd6 Bxd6 27. Rxe8+ Rxe8 28. Bxd6 Bc6 29. Kc1 1/2-1/2

[Event "WC-2021-T-00003"]
[Site "LSS email"]
[Date "2021.10.23"]
[Round "?"]
[White "Tsygankov, Evgeny"]
[Black "Langer, Raimund"]
[Result "1/2-1/2"]
[WhiteElo "2481"]
[BlackElo "2474"]
[PlyCount "33"]
[EventDate "2021.10.23"]
[EventType "tourn (corr)"]
[EventRounds "10"]
[EventCountry "GER"]
[SourceTitle "Corr 2024"]
[Source "ChessBase"]
[SourceDate "2023.10.19"]
[SourceVersion "1"]
[SourceVersionDate "2023.10.19"]
[SourceQuality "1"]

1. d4 Nf6 2. c4 e6 3. Nf3 d5 4. Nc3 Bb4 5. cxd5 exd5 6. Bf4 Ne4 7. Rc1 Nc6 8. Nd2 g5 9. Be3 Nxc3 10. bxc3 Ba3 11. Rb1 f5 12. g3 Bd6 13. Nf3 f4 14. Bc1 Qe7 15. Nd2 b6 16. Bg2 Bb7 17. 0-0 1/2-1/2

[Event "WC-2021-S-00001"]
[Site "LSS email"]
[Date "2021.05.24"]
[Round "?"]
[White "Kuhne, Detlev"]
[Black "Langer, Raimund"]
[Result "1/2-1/2"]
[WhiteElo "2475"]
[BlackElo "2484"]
[PlyCount "83"]
[EventDate "2021.05.24"]
[EventType "tourn (corr)"]
[EventRounds "12"]
[EventCountry "GER"]
[SourceTitle "Corr 2024"]
[Source "ChessBase"]
[SourceDate "2023.10.19"]
[SourceVersion "1"]
[SourceVersionDate "2023.10.19"]
[SourceQuality "1"]

1. Nf3 Nf6 2. c4 e6 3. g3 d5 4. Bg2 d4 5. 0-0 c5 6. d3 Nc6 7. e3 Bd6 8. exd4 cxd4 9. Na3 0-0 10. Nc2 e5 11. b4 Re8 12. Re1 a6 13. Bg5 Bf5 14. Nh4 Bd7 15. Rb1 h6 16. Bxf6 Qxf6 17. a4 a5 18. b5 Nd8 19. Qf3 Qxf3 20. Nxf3 Rc8 21. Nd2 b6 22. f4 exf4 23. Rxe8+ Bxe8 24. Ne4 Be5 25. Bh3 Rb8 26. gxf4 Bxf4 27. Rf1 Be5 28. c5 bxc5 29. Nxc5 Bd6 30. Ne4 Be5 31. Na3 Nb7 32. Nc4 Bc7 33. Rf2 Kf8 34. b6 Bd8 35. Be6 f6 36. Bd5 Be7 37. Bxb7 Rxb7 38. Rf5 Bf7 39. Rb5 Rb8 40. Nxa5 Be8 41. Rb1 Bxa4 42. b7 1/2-1/2

[Event "GER-ch53 V06 email"]
[Site "GER email"]
[Date "2021.04.21"]
[Round "?"]
[White "Langer, Raimund"]
[Black "Maetzig, Ralf"]
[Result "1/2-1/2"]
[WhiteElo "2185"]
[BlackElo "2161"]
[PlyCount "55"]
[EventDate "2021.04.21"]
[EventType "tourn (corr)"]
[EventRounds "10"]
[EventCountry "GER"]
[SourceTitle "Corr 2024"]
[Source "ChessBase"]
[SourceDate "2023.10.19"]
[SourceVersion "1"]
[SourceVersionDate "2023.10.19"]
[SourceQuality "1"]

1. Nf3 d5 2. d4 Nf6 3. c4 e6 4. Nc3 c6 5. e3 Nbd7 6. Qc2 Bd6 7. g4 h6 8. h3 e5 9. Bd2 0-0 10. dxe5 Nxe5 11. Nxe5 Bxe5 12. 0-0-0 Qe7 13. Kb1 dxc4 14. Bxc4 b5 15. Bd3 c5 16. f4 Bxc3 17. Bxc3 Bb7 18. Rhg1 c4 19. Bf5 Nd5 20. g5 h5 21. g6 Nxc3+ 22. bxc3 Rae8 23. gxf7+ Rxf7 24. Kb2 Be4 25. Qxe4 Qxe4 26. Bxe4 Rxe4 27. Rd8+ Rf8 28. Rd7 1/2-1/2

[Event "WC-2021-S-00004"]
[Site "LSS email"]
[Date "2021.04.03"]
[Round "?"]
[White "Langer, Raimund"]
[Black "Pascual Perez, Norge"]
[Result "1/2-1/2"]
[WhiteElo "2485"]
[BlackElo "2432"]
[PlyCount "56"]
[EventDate "2021.04.03"]
[EventType "tourn (corr)"]
[EventRounds "6"]
[EventCountry "GER"]
[SourceTitle "Corr 2024"]
[Source "ChessBase"]
[SourceDate "2023.10.19"]
[SourceVersion "1"]
[SourceVersionDate "2023.10.19"]
[SourceQuality "1"]

1. e4 c5 2. Nf3 d6 3. d4 cxd4 4. Nxd4 Nf6 5. Nc3 a6 6. Bg5 e6 7. f4 h6 8. Bh4 Qb6 9. a3 Nbd7 10. Bf2 Qc7 11. Qf3 b5 12. 0-0-0 Rb8 13. g4 b4 14. axb4 Rxb4 15. h4 e5 16. g5 hxg5 17. hxg5 Rxh1 18. Qxh1 Ng4 19. Nd5 Qc5 20. Ne6 Nxf2 21. Nxc5 Nxh1 22. Nxd7 Ra4 23. N7b6 Ra1+ 24. Kd2 Rxd1+ 25. Kxd1 Bg4+ 26. Ke1 exf4 27. Nxf4 Be7 28. Bxa6 Bxg5 1/2-1/2

[Event "CP-2021-S-00004"]
[Site "LSS email"]
[Date "2021.01.26"]
[Round "?"]
[White "Broniek, Mariusz Maciej"]
[Black "Langer, Raimund"]
[Result "1/2-1/2"]
[WhiteElo "2459"]
[BlackElo "2484"]
[PlyCount "71"]
[EventDate "2021.01.26"]
[EventType "tourn (corr)"]
[EventRounds "7"]
[EventCountry "GER"]
[SourceTitle "Corr 2024"]
[Source "ChessBase"]
[SourceDate "2023.10.19"]
[SourceVersion "1"]
[SourceVersionDate "2023.10.19"]
[SourceQuality "1"]

1. d4 Nf6 2. Nf3 d5 3. Bf4 c5 4. e3 Nc6 5. c3 Qb6 6. b3 g6 7. h3 Bg7 8. Nbd2 0-0 9. Be2 Ne4 10. Rc1 cxd4 11. exd4 e5 12. Nxe4 exf4 13. Nc5 Qc7 14. 0-0 b6 15. Nd3 Bf5 16. Qd2 Rac8 17. Rfe1 Rfe8 18. h4 Rcd8 19. Nxf4 Bh6 20. Ng5 f6 21. Nxd5 Rxd5 22. Bc4 Red8 23. Bxd5+ Rxd5 24. Re8+ Kg7 25. Rce1 Bd7 26. c4 Bxg5 27. hxg5 Rxg5 28. f4 Rg4 29. R8e2 Nd8 30. Re7+ Nf7 31. Qd3 Rxf4 32. Qh3 Rxd4 33. Rxf7+ Kxf7 34. Qxh7+ Kf8 35. Qh8+ Kf7 36. Qh7+ 1/2-1/2